000 00294nam a22001337a 4500
008 170713b xxu||||| |||| 00| 0 eng d
020 _a9781578590452
041 _aeng
080 _a038
100 _a23
101 _aFJA
245 _aDICTIONARY OF THEORIES
_cBOTHAMLEY.J
942 _2udc
_cBK
999 _c20459
_d20459